| 000 | 00558nam a2200193Ia 4500 | ||
|---|---|---|---|
| 003 | GCL | ||
| 008 | 140319s9999 xx 000 0 eng d | ||
| 040 |
_aGCL / _cGCL |
||
| 082 | 0 | 4 |
_a401.93 _bG I |
| 100 | 1 | _aRICHARDS, BRIAN | |
| 245 | 1 | 0 |
_aINPUT AND INTERACTION IN LANGUAGE ACQUISITION / _cRICHARDS, BRIAN |
| 700 | 1 | _aGALLAWAY, CLARE | |
| 260 |
_a[S.N] : _bCAMBRIDGE UNIVERSITY PRESS ، _c1994 |
||
| 300 | _a319 P | ||
| 650 | 0 | 4 | _aLANGUAGE - ACQUISITION |
| 650 | 0 | 4 | _aSOCIAL INTERACTION IN CHILDREN |
| 650 | 0 | 4 | _aPARENT PARTICIPATION |
| 942 |
_2ddc _cBK |
||
| 999 |
_c24369 _d24369 |
||